000 00879nmm a2200265 a 4500
001 ocm000607386
003 TR-IsHL
005 20201028135812.0
008 131209s2011 tu tur
007 cr cn
020 _a9786054259731
035 _a607386
_b(N$T)
050 0 4 _aHF5667
_b.A48 2011
090 0 4 _aHF5667
_b.A48 2011
100 1 _aAltıntaş, A. Taylan
245 1 0 _aHalka açık şirketlerin bağımsız denetiminin kalitesi
_h[electronic resource] /
_cA. Taylan Altıntaş
260 _aİstanbul :
_bTürkmen Kitabevi,
_c2011
300 _a214 p.
650 4 _aEkonomi ve Finans
650 4 _aEconomics and Finance
650 0 _aMali denetim
_x Türkiye
650 0 _aAuditing
_x Turkey
650 7 _aBUSINESS & ECONOMICS / Auditing
_2bisacsh
856 4 0 _uhttp://search.ebscohost.com/login.aspx?direct=true&scope=site&db=e011xww&AN=607386
999 _c6940
_d6940